Introductio in scripturam sagram

Guardat en:
Dades bibliogràfiques
Autor principal: Moralia, Thoma Maria (autor)
Format: Llibre
Idioma:llatí
Publicat: Roma Crispinus Puccinelli 1828
Edició:1a. ed
Matèries:
Etiquetes: Afegir etiqueta
Sense etiquetes, Sigues el primer a etiquetar aquest registre!

MARC

LEADER 00000cam a2200000 a 4500
001 UCD3298
003 CL-VaPUC
008 160603e18280000it |||||||||||||||||lat|d
082 0 4 |a 220.7  |b MOR  |2 21 
100 |a Moralia, Thoma Maria  |e autor  |9 586706 
245 1 0 |a Introductio in scripturam sagram 
250 |a 1a. ed 
300 |a t 
942 |c BK 
945 |d 20160603 11:42:00  |a dcastane 
260 |a Roma  |b Crispinus Puccinelli  |c 1828 
650 0 |a Biblia  |9 257603 
650 0 |a Sagradas escrituras  |9 349657 
583 |a last modification  |c 20160603 11:42:00  |k Rodrigo Vera 
999 |c 364334  |d 364332 
952 |0 0  |1 0  |3 erd  |4 0  |6 220_700000000000000_MOR_1828  |7 0  |8 X  |9 477393  |a BIBTEO  |b BIBTEO  |c TEO_FFR  |h t.1  |i 5233356  |o 220.7 MOR 1828  |p 5233356  |r 2024-01-18  |w 2019-11-24  |y BK_X  |z Catalogado en:20160603  |k OFM